Microeconomic theory (Record no. 63730)

MARC details
000 -LEADER
fixed length control field 00376nam a2200169Ia 4500
008 - FIXED-LENGTH DATA ELEMENTS--GENERAL INFORMATION
fixed length control field 230917s9999||||xx |||||||||||||| ||und||
020 ## - ISBN
Price RS90
040 ## - CATALOGING SOURCE
-- 26683
Original cataloging agency VIVEKANANDA LIBRARY
041 ## - Language
-- English
082 ## - DDC NUMBER
Classification number 338.521 G729M
100 ## - MAIN ENTRY--PERSONAL NAME
Personal name Gould, John P
245 #0 - TITLE STATEMENT
Title Microeconomic theory
250 ## - EDITION STATEMENT
Edition statement 6th ed.
260 ## - PUBLICATION, DISTRIBUTION, ETC. (IMPRINT)
Place of publication, distribution, etc Delhi
Date of publication, distribution, etc 1989
300 ## - PHYSICAL DESCRIPTION
Pages iv, 639 p.
942 ## - ADDED ENTRY ELEMENTS (KOHA)
Koha item type Books
Holdings
Withdrawn status Lost status Source of classification or shelving scheme Damaged status Not for loan Location (home branch) Sublocation or collection (holding branch) Date acquired Koha issues (times borrowed) Koha full call number Accession No. Koha date last seen Koha item type
Withdrawn   Dewey Decimal Classification Damaged   VIVEKANANDA LIBRARY VIVEKANANDA LIBRARY 29/08/2002   338.521 G729M 135775 17/09/2023 Books
© Designed and Maintained by Vivekananda Library, MDU Rohtak